| 000 | 00363nam a2200145Ia 4500 | ||
|---|---|---|---|
| 008 | 230917s9999||||xx |||||||||||||| ||und|| | ||
| 040 |
_e81431 _aMAIN |
||
| 041 | _aEnglish | ||
| 082 | _a342.7 B155C | ||
| 100 | _aBailey, S H | ||
| 245 | 0 | _aCivil liberties: Cases and materials | |
| 260 |
_aLondon _bButterworths _c1980 |
||
| 300 | _axxvii, 447 p. | ||
| 942 | _cBK | ||
| 999 |
_c220228 _d220228 |
||